Орфографический словарь русского языка: 106 000 слов

Podrobná bibliografie
Další autoři: Бархударов С. Г. (редактор), Протченко И. Ф., Скворцов Л. И.
Jazyk:ruština
Vydáno: Москва, Русский язык, 1974
Vydání:14 изд., стер.
Témata:
Médium: MixedMaterials Kniha
KOHA link:https://koha.lib.tpu.ru/cgi-bin/koha/opac-detail.pl?biblionumber=79065

MARC

LEADER 00000nam0a2200000 4500
001 79065
005 20231031094148.0
035 |a (RuTPU)RU\TPU\book\84946 
090 |a 79065 
100 |a 20050720d1976 m y0rusy50 ca 
101 0 |a rus 
102 |a RU 
105 |a y e 000zy 
200 1 |a Орфографический словарь русского языка  |e 106 000 слов  |f под ред. С. Г. Бархударова; И. Ф. Протченко; Л. И. Скворцова 
205 |a 14 изд., стер. 
210 |a Москва  |c Русский язык  |d 1974 
215 |a 480 с. 
610 1 |a словари 
610 1 |a русский язык 
686 |a Ш  |v LBC/SL-A  |2 rubbk 
702 1 |a Бархударов  |b С. Г.  |4 340 
702 1 |a Протченко  |b И. Ф.  |4 340 
702 1 |a Скворцов  |b Л. И.  |4 340 
801 1 |a RU  |b 63413507  |c 20050720  |g PSBO 
801 2 |a RU  |b 63413507  |c 20070910  |g PSBO 
942 |c BK